000
00303nam a22001337a 4500
999
_c
12033
_d
12033
020
_a
96901014635
082
_a
954.34
100
_a
Syed Ghulam Mustafa shah
245
_a
The British in the Subcontinent
260
_a
Karachi
_b
Ferozsons
_c
2006
300
_a
249
650
_a
History
942
_c
BK